|
|
|
|
| LEADER |
00000nam a2200000 a 4500 |
| 001 |
UCI5679 |
| 003 |
CL-VaPUC |
| 008 |
080404e20010000AG |||||||||||||||||spa|d |
| 020 |
|
|
|a 9505116888
|
| 082 |
0 |
4 |
|a 863
|b SAV
|2 21
|
| 100 |
0 |
|
|a Savater, Fernando
|e author
|9 528231
|
| 245 |
1 |
0 |
|a A caballo entre milenios
|
| 250 |
|
|
|a 1a. ed
|
| 300 |
|
|
|a 363 p
|
| 942 |
|
|
|c BK
|
| 945 |
|
|
|d 20080404 00:00:00
|a jtorresc
|
| 260 |
|
|
|a Buenos Aires
|b Aguilar
|c 2001
|
| 650 |
|
0 |
|a Novelas españolas
|9 265052
|
| 650 |
|
7 |
|a LITERATURA ESPAÑOLA SIGLO 20
|2 CL-VaPUC
|9 343079
|
| 583 |
|
|
|a last modification
|c 20160913 09:37:13
|k Rodrigo Vera
|
| 999 |
|
|
|c 329400
|d 329398
|
| 952 |
|
|
|0 0
|1 0
|4 0
|6 863_000000000000000_SAV_2001
|7 0
|8 A
|9 414005
|a BIBEDU
|b BIBEDU
|d 2019-11-22
|i 4423208
|o 863 SAV 2001
|p 4423208
|r 2019-11-22
|w 2019-11-22
|y BK
|k EPE
|